000 00916cam a22002531 4500
001 ca 10004960
003 DLC
005 20260227111054.0
007 cr |||||||||||
008 830630s1878 cau 000 0 eng
010 _aca 10004960
040 _aDLC
_cCarP
_dDLC
050 0 0 _aE184.C5
_bD3
051 _aYA 24042
100 1 _aDel Mar, Alexander,
_d1836-1926.
245 1 0 _aWhy should the Chinese go?
_bA pertinent inquiry from a mandarin high in authority.
_cBy Kwang Chang Ling [pseud.]
260 _aSan Francisco,
_bBruce's book & job printing house,
_c1878.
300 _a16 p.
_c19 cm.
530 _aAlso available in digital form on the Library of Congress Web site.
500 _aFrom the columns of the Argonaut newspaper.
650 0 _aChinese
_zCalifornia.
710 2 _aYA Pamphlet Collection (Library of Congress)
_5DLC
856 4 1 _dmtfgc
_f2059
_qo
_uhttp://hdl.loc.gov/loc.gdc/mtfgc.2059
999 _c14391
_d14391